000 00773cam a22002653a 4500
001 13897
003 PGUSA
005 20140828083310.0
008 041030s2004||||xxu|||||s|||||000 1 eng d
040 _aPGUSA
_beng
042 _adc
050 4 _aPZ
100 1 _aBarbour, Ralph Henry,
_d1870-1944
245 1 4 _aThe Adventure Club Afloat
_h[electronic resource] /
_cRalph Henry Barbour
260 _bProject Gutenberg,
_c2004
506 _aPublic domain in the USA.
516 _aElectronic text
653 _aSea stories
653 _aNew England -- Juvenile fiction
653 _aSailing -- Juvenile fiction
700 1 _aCaswell, Edward C.,
_d1879-1963
830 0 _aProject Gutenberg
_v13897
856 4 0 _uhttp://www.gutenberg.org/ebooks/13897
942 _cEB
999 _c243152
_d243152